000 00527nam a22001697a 4500
003 OSt
005 20221013171429.0
008 221013b |||||||| |||| 00| 0 eng d
020 _a88-208-0357-7
040 _cBiblioteca Lado V
082 _a700.74
_bR227e
100 _aRasponi, Simonetta
_9174
_eeditora
245 _aXLIV Esposizione internazionale d'Arte Biennale di Venezia/
260 _aVenezia
_bFabbri Editori
_c1990
300 _a276p.
_c21x30cm
942 _2ddc
_c1
_h700.74
_iR227e
_n0
_e1 edición
999 _c2305
_d2305